Constitutional Law / (Record no. 1319)

000 -LEADER
fixed length control field 01186nam a22002537a 4500
003 - CONTROL NUMBER IDENTIFIER
control field OSt
005 - DATE AND TIME OF LATEST TRANSACTION
control field 20140507200448.0
008 - FIXED-LENGTH DATA ELEMENTS--GENERAL INFORMATION
fixed length control field 140507b xxu||||| |||| 00| 0 eng d
020 ## - INTERNATIONAL STANDARD BOOK NUMBER
International Standard Book Number 9780735577190
050 ## - LIBRARY OF CONGRESS CALL NUMBER
Classification number KF4550.C66 2009
245 ## - TITLE STATEMENT
Title Constitutional Law /
Statement of responsibility, etc Geoffrey R. Stone ... [et al.]
250 ## - EDITION STATEMENT
Edition statement 6th ed.
260 ## - PUBLICATION, DISTRIBUTION, ETC. (IMPRINT)
Place of publication, distribution, etc New York :
Name of publisher, distributor, etc Aspen Publishers ,
Date of publication, distribution, etc 2009 .
300 ## - PHYSICAL DESCRIPTION
Extent xc, 1671 p. ;
Other physical details 26 cm.
504 ## - BIBLIOGRAPHY, ETC. NOTE
Bibliography, etc Includes bibliographical references and index
505 ## - FORMATTED CONTENTS NOTE
Formatted contents note The role of the Supreme Court in the constitutional order --<br/>Federalism at work : Congress and the national economy --<br/>The scope of Congress's powers : taxing and spending, war powers, individual rights, and state autonomy --<br/>The distribution of national powers --<br/>Equality and the Constitution --<br/>Implied fundamental rights --<br/>Freedom of expression --<br/>The Constitution and religion --<br/>State action, baselines, and the problem of private power.
650 ## - SUBJECT ADDED ENTRY--TOPICAL TERM
Topical term or geographic name as entry element Constitutional Law
Geographic subdivision United States
700 ## - ADDED ENTRY--PERSONAL NAME
Personal name Geoffrey R. Stone
700 ## - ADDED ENTRY--PERSONAL NAME
Personal name Louis Michael Seidman
700 ## - ADDED ENTRY--PERSONAL NAME
Personal name Cass R. Sunstein
700 ## - ADDED ENTRY--PERSONAL NAME
Personal name Mark V. Tushnet
700 ## - ADDED ENTRY--PERSONAL NAME
Personal name Pamela S. Karlan
942 ## - ADDED ENTRY ELEMENTS (KOHA)
Source of classification or shelving scheme
Koha item type Book
Holdings
Withdrawn status Lost status Source of classification or shelving scheme Damaged status Not for loan Home library Current library Date acquired Total Checkouts Full call number Barcode Date last seen Copy number Price effective from Koha item type
          Riara University Library Riara University Library 07/05/2014   KF4550.C66 2009 3468/12 07/05/2014 C.1 07/05/2014 Book
          Riara University Library Riara University Library 07/05/2014   KF4550.C66 2009 3467/12 07/05/2014 C.2 07/05/2014 Book
          Riara University Library Riara University Library 07/05/2014   KF4550.C66 2009 3469/12 07/05/2014 C.3 07/05/2014 Book

Riara University Library,
P.O. Box 49940-00100,
Nairobi, Kenya.